Pribrzdil nás najslabší úvodný turnaj 4. skupiny kvalifikácie ME 2003 volejbalistov

Bibliographic Details
Main Author: Kubiš, Pavol (Author)
Format: Article
Language:Slovak
PhysicalDescription:Fotogr.
ISSN:0139-7001
Subjects:

MARC

LEADER 00000nab a2200000 a 4500
001 vtls000795836
003 SK-MaSNL
005 20260302154847.0
008 180206c2002 xo 0 slo
015 |a SNBRB2002/05-17693 
035 |a CLN000147491 
040 |a SNKBUCL  |b slo  |c SNKBUCL  |e AACR2 
041 0 |a slo 
044 |a xo  |c SK 
080 |a 796.325.093.1  |2 UDC-MRF-SK2 
100 1 |a Kubiš, Pavol  |4 aut  |9 219206 
245 1 0 |a Pribrzdil nás najslabší  |b úvodný turnaj 4. skupiny kvalifikácie ME 2003 volejbalistov  |c Pavol Kubiš 
300 |b Fotogr. 
650 0 7 |a volejbal  |x muži  |z Prievidza (Slovensko)  |y 2001/2002  |2 snkbucl  |9 852350 
655 7 |a články z novín a časopisov  |2 snkbucl  |9 267496 
773 0 |x 0139-7001  |t Šport  |g Roč. 56, č. 115 (20.5.2002), s. 27 
850 |a Slovenská národná knižnica v Martine 
852 |a SNK  |b KIS3GCP 
958 |a RBX 
999 |c 1369613  |d 1371543